Reflexiones sobre el perfil del economista /
Gardado en:
| Autor Principal: | |
|---|---|
| Formato: | Texto |
| Materias: | |
| Etiquetas: |
Engadir etiqueta
Sen Etiquetas, Sexa o primeiro en etiquetar este rexistro!
|
MARC
| LEADER | 00000 a a2200000 04500 | ||
|---|---|---|---|
| 001 | 5344 | ||
| 003 | |||
| 040 | |||
| 100 | |a Ruiz Nápoles, Pablo | ||
| 245 | |a Reflexiones sobre el perfil del economista / |c Pablo Ruiz Nápoles | ||
| 650 | |a ECONOMIA | ||
| 650 | |a ECONOMISTAS | ||
| 650 | |a CONOCIMIENTOS | ||
| 650 | |a DESARROLLO DE HABILIDADES | ||
| 773 | |g número 322; páginas 66-68 | ||
| 999 | |c 25087 |d 25087 | ||
